The IUP Journal of Knowledge Management (Record no. 97737)

MARC details
000 -LEADER
fixed length control field 00274nam a2200097Ia 4500
008 - FIXED-LENGTH DATA ELEMENTS--GENERAL INFORMATION
fixed length control field 230206s9999 xx 000 0 und d
041 ## - LANGUAGE CODE
Language code of text/sound track or separate title eng
100 ## - MAIN ENTRY--PERSONAL NAME
Personal name Murthy E N, Ed.
9 (RLIN) 119285
245 ## - TITLE STATEMENT
Title The IUP Journal of Knowledge Management
260 ## - PUBLICATION, DISTRIBUTION, ETC. (IMPRINT)
Date of publication, distribution, etc. 2010
Name of publisher, distributor, etc. IUP Publications
Place of publication, distribution, etc. Hyderabad
Holdings
Withdrawn status Lost status Damaged status Not for loan Home library Current library Date acquired Vendor Serial Enumeration / chronology Total Checkouts Full call number Barcode Date last seen Bill Date Koha item type Original Barcode
        Smt. Hiraben Nanavati Institute of Management & Research for Women Smt. Hiraben Nanavati Institute of Management & Research for Women 30/11/2016 Satya Gilani July 2010 to Jan. 2011 (Vol. 8 No. 3 to Vol. 9 No. 1)   001/MUR BV0403 HIMR-BV-403 06/02/2023 06/02/2023 Bound Volume BV0403
        Smt. Hiraben Nanavati Institute of Management & Research for Women Smt. Hiraben Nanavati Institute of Management & Research for Women 30/11/2016 Satya Gilani April 2011 to Jan. 2012 (Vol. 9 No. 2 to Vol. 10 No. 1)   001/MUR BV0404 HIMR-BV-404 06/02/2023 06/02/2023 Bound Volume BV0404